Flags Of English Speaking Countries - Sudden Death - Statistics

General Stats
  • This quiz has been taken 753 times
  • The average score is 7 of 18
Answers on the Grid
Answers color-coded by a green-red scale on the quiz's grid according to % correct below.
 
Answer Stats
Answer % Correct
United States
87%
Canada
78%
New Zealand
74%
United Kingdom
71%
Ireland
70%
Australia
69%
Jamaica
67%
Kenya
34%
Guyana
22%
Singapore
22%
Israel
21%
Sweden
19%
Norway
19%
Iceland
18%
Netherlands
15%
Zimbabwe
14%
Denmark
12%
Sudan
2%
No matching quizzes found
Score Distribution
Percent of People with Each Score
Percentile by Number Answered
Your Score History
You have not taken this quiz